| 000 | 02910nam0a2200421 4500 | ||
|---|---|---|---|
| 001 | RU\NLR\BIBL_A\012156754 | ||
| 005 | 20260407114728.0 | ||
| 035 | _a(NLR Aleph) 012156754 | ||
| 090 |
_a12170669 _c12170669 |
||
| 100 | _a20191206d1898 |||y0rusy50 ca | ||
| 101 | 0 | _arus | |
| 102 | _aRU | ||
| 105 | _ay z 000zy | ||
| 200 | 1 |
_aОб учреждении Классов Торгового Мореплавания при Одесском Коммерческом училище _fМинистерство Финансов. Департамент Торговли и Мануфактур. Отдел по делам Торгового Мореплавания. Отделение III. Стол 1. 23 марта 1898 года. № 8120/559 |
|
| 210 |
_a[С.-Петербург _cб. и.] _d1898 |
||
| 215 |
_a55 с. _d33 |
||
| 300 | _aВ конце текста: Подписал: Министр Финансов, Статс-Секретарь Витте; Скрепил: Директор В. Ковалевский | ||
| 309 | _aБез тит. л и обл. | ||
| 316 |
_aВ документе имеются красные и синие карандашные пометки без потери текста _5NLR |
||
| 601 | 0 | 1 |
_aРоссия _bМинистерство финансов _jДокументы и материалы _91554792 _3RU\NLR\AUTH\66980077 |
| 601 | 0 | 2 |
_aОдесское коммерческое училище _bКлассы торгового мореплавания _jДокументы и материалы _92448768 _3RU\NLR\AUTH\6601673815 |
| 606 | 1 |
_aТорговый флот _jДокументы и материалы _xКадры _xПодготовка _yРоссия _92448772 _3RU\NLR\AUTH\6601673817 |
|
| 606 | 1 |
_aКоммерческие учебные заведения _jДокументы и материалы _yРоссия _92382971 _3RU\NLR\AUTH\6601642494 |
|
| 686 | 3 | _aЧ468.759.34(28)7 | |
| 686 | 3 | _aЧ458.759.34(28) | |
| 686 | 3 | _aЧ459.34(28)7 | |
| 686 | 3 | _aУ26(28)11-212.113.62,011 | |
| 702 | 1 |
_4720 _8rus _7ca _aВитте _bС. Ю. _f1849-1915 _gСергей Юльевич _3RU\NLR\AUTH\772753 _9112761 |
|
| 702 | 1 |
_4720 _aКовалевский _bВ. И. _cгос. деятель _f1848-1934 _gВладимир Иванович _9197574 _3RU\NLR\AUTH\770197625 |
|
| 711 | 0 | 2 |
_aОдесское коммерческое училище _bКлассы торгового мореплавания _9698404 _3RU\NLR\AUTH\880518802 |
| 711 | 0 | 1 |
_aРоссия _bМинистерство финансов _3RU\NLR\AUTH\889947360 _9390360 |
| 712 | 0 | 1 |
_4570 _aРоссия _bМинистерство финансов _bОтдел торгового мореплавания _3RU\NLR\AUTH\889947536 _9390710 |
| 852 |
_aNLR _j135/294-325(2) |
||
| 942 | _cBOOK | ||
| 980 | _aNB | ||